000
00302nam a2200121Ia 4500
005
20251222144625.0
008
251222s9999||||xx |||||||||||||| ||spa||
082
_a
330.985/R73
100
_a
Roel Pineda, Virgilio
245
0
_a
La Planificación Económica en el Perú
264
_b
Labor
942
_c
LIB
999
_c
16089
_d
16089